=LDR 00000nam 2200000 4500 =001 INLIS000000000033346 =005 20130612135315 =008 ***********************************ind** =035 ##$$a0010-061300000033346 =041 ##$$a ind =082 ##$$a 657 =090 ##$$a 657, Her,p =100 ##$$a Hery =245 ##$$a Pengantar Akutansi II =260 ##$$a 2009 $b Jakarta =300 ##$$a ix,241 hlm., 22 cm =650 ##$$a Akutansi =850 ##$$a NBPNMAT =990 ##$$a 21400613/BPAP-NTB/20142014